MARC details
| 000 -LEADER |
| campo de control de longitud fija |
01777cam a22004094a 4500 |
| 001 - NÚMERO DE CONTROL |
| campo de control |
115433 |
| 005 - FECHA Y HORA DE LA ÚLTIMA TRANSACCIÓN |
| campo de control |
20230410103914.0 |
| 008 - DATOS DE LONGITUD FIJA--INFORMACIÓN GENERAL |
| campo de control de longitud fija |
041021s2005 txuab b 001 0 eng |
| 035 ## - NÚMERO DE CONTROL DEL SISTEMA |
| Número de control de sistema |
13757813 |
| 010 ## - NÚMERO DE CONTROL DE LA BIBLIOTECA DEL CONGRESO |
| Número de control de LC |
2004025106 |
| 020 ## - NÚMERO INTERNACIONAL ESTÁNDAR DEL LIBRO |
| Número Internacional Estándar del Libro |
0292706359 (hardcover : alk. paper) |
| 020 ## - NÚMERO INTERNACIONAL ESTÁNDAR DEL LIBRO |
| Número Internacional Estándar del Libro |
0292706804 (pbk. : alk. paper) |
| 040 ## - FUENTE DE CATALOGACIÓN |
| Centro catalogador/agencia de origen |
DLC |
| Centro/agencia transcriptor |
DLC |
| Centro/agencia modificador |
DLC |
| 042 ## - CÓDIGO DE AUTENTICACIÓN |
| Código de autenticación |
pcc |
| 043 ## - CÓDIGO DE ÁREA GEOGRÁFICA |
| Código de área geográfica |
a-sy--- |
| -- |
e-fr--- |
| 050 14 - SIGNATURA TOPOGRÁFICA DE LA BIBLIOTECA DEL CONGRESO |
| Número de clasificación |
432 DS 98 |
| Número de ítem |
P969g 2005 |
| 082 00 - NÚMERO DE LA CLASIFICACIÓN DECIMAL DEWEY |
| Número de clasificación |
956.9104 |
| 100 1# - ENTRADA PRINCIPAL--NOMBRE DE PERSONA |
| Nombre de persona |
Provence, Michael, |
| Fechas asociadas al nombre |
1966- |
| 245 14 - MENCIÓN DEL TÍTULO |
| Título |
The great Syrian revolt and the rise of Arab nationalism / |
| Mención de responsabilidad, etc. |
Michael Provence. |
| 260 ## - PUBLICACIÓN, DISTRIBUCIÓN, ETC. |
| Lugar de publicación, distribución, etc. |
Austin : |
| Nombre del editor, distribuidor, etc. |
University of Texas Press, |
| Fecha de publicación, distribución, etc. |
c2005. |
| 300 ## - DESCRIPCIÓN FÍSICA |
| Extensión |
xii, 209 p. : |
| Otras características físicas |
ill., maps ; |
| Dimensiones |
24 cm. |
| 490 1# - MENCIÓN DE SERIE |
| Mención de serie |
Modern Middle East series, no. 22 |
| 520 ## - RESUMEN, ETC. |
| Sumario, etc. |
"A history of the largest and longest-lasting people's revolt in the Arab East, which attempted to liberate Syria from French Mandate rule in 1925"--Provided by publisher. |
| 504 ## - NOTA DE BIBLIOGRAFÍA, ETC. |
| Nota de bibliografía, etc. |
Includes bibliographical references (p. [191]-204) and index. |
| 505 0# - NOTA DE CONTENIDO CON FORMATO |
| Nota de contenido con formato |
Introduction -- The Hawrn frontier -- Mobilizing the mountain -- Mobilizing the city -- The spread of rebellion -- The politics of rebellion --Epilogue and conclusions. |
| 651 #0 - PUNTO DE ACCESO ADICIONAL DE MATERIA--NOMBRE GEOGRÁFICO |
| Nombre geográfico |
Syria |
| Subdivisión general |
History |
| Subdivisión cronológica |
Insurrection, 1925-1927. |
| 650 #0 - PUNTO DE ACCESO ADICIONAL DE MATERIA--TÉRMINO DE MATERIA |
| Término de materia o nombre geográfico como elemento de entrada |
Mandates |
| Subdivisión geográfica |
Syria. |
| 650 #0 - PUNTO DE ACCESO ADICIONAL DE MATERIA--TÉRMINO DE MATERIA |
| Término de materia o nombre geográfico como elemento de entrada |
French |
| Subdivisión geográfica |
Syria. |
| 650 #4 - PUNTO DE ACCESO ADICIONAL DE MATERIA--TÉRMINO DE MATERIA |
| Término de materia o nombre geográfico como elemento de entrada |
Mandatos |
| Subdivisión geográfica |
Siria. |
| 650 #4 - PUNTO DE ACCESO ADICIONAL DE MATERIA--TÉRMINO DE MATERIA |
| Término de materia o nombre geográfico como elemento de entrada |
Frenacés |
| Subdivisión geográfica |
Siria. |
| 830 #0 - PUNTO DE ACCESO ADICIONAL DE SERIE-TÍTULO UNIFORME |
| Título uniforme |
Modern Middle East series (Austin, Tex.) ; |
| Designación de volumen o secuencia |
no. 22. |
| 856 42 - LOCALIZACIÓN Y ACCESO ELECTRÓNICOS |
| Materiales especificados |
Publisher description |
| Identificador Uniforme de Recursos |
<a href="http://www.loc.gov/catdir/description/texas051/2004025106.html">http://www.loc.gov/catdir/description/texas051/2004025106.html</a> |
| 856 41 - LOCALIZACIÓN Y ACCESO ELECTRÓNICOS |
| Materiales especificados |
Table of contents |
| Identificador Uniforme de Recursos |
<a href="http://www.loc.gov/catdir/toc/ecip052/2004025106.html">http://www.loc.gov/catdir/toc/ecip052/2004025106.html</a> |
| 856 42 - LOCALIZACIÓN Y ACCESO ELECTRÓNICOS |
| Materiales especificados |
Book review (H-Net) |
| Identificador Uniforme de Recursos |
<a href="http://www.h-net.org/review/hrev-a0f5p4-aa">http://www.h-net.org/review/hrev-a0f5p4-aa</a> |
| 942 ## - ELEMENTOS DE ENTRADA SECUNDARIOS (KOHA) |
| Fuente del sistema de clasificación o colocación |
Clasificación de Library of Congress |
| Tipo de ítem Koha |
|
| 946 ## - PROCESAMIENTO DE INFORMACIÓN LOCAL (OCLC) |
| a |
rsfv |